[Event "España ch Veteranos 2011"]
[Site "Alcúdia ESP"]
[Date "2011.10.08"]
[Round "1.1"]
[White "Munar Mut, Antonio"]
[Black "Rodriguez, Daniel Mauricio"]
[Result "0-1"]
[PlyCount "58"]
[EventDate "2011.10.08"]
[EventType "swiss"]
[EventRounds "8"]
[EventCountry "ESP"]
[Source "lmi"]
[SourceDate "2011.10.08"]
[WhiteElo "2022"]
[BlackElo "2428"]

1. e4 c5 2. Nf3 Nc6 3. d4 cxd4 4. Nxd4 a6 5. Nxc6 bxc6 6. Be2 Nf6 7. Nc3 e5 8.
O-O Bc5 9. Bg5 h6 10. Bh4 g5 11. Bg3 Qe7 12. a3 d6 13. h4 Bd4 14. Re1 Rb8 15.
Rb1 Nd7 16. h5 Rxb2 17. Na4 Rxb1 18. Qxb1 O-O 19. c3 Ba7 20. Bc4 Nf6 21. Nb6
Bb7 22. a4 a5 23. f3 Rb8 24. Bf2 Ba8 25. Qb3 Nd7 26. Bxf7+ Qxf7 27. Qxf7+ Kxf7
28. Nxd7 Bxf2+ 29. Kxf2 Rb7 0-1

[Event "España ch Veteranos 2011"]
[Site "Alcúdia ESP"]
[Date "2011.10.08"]
[Round "1.2"]
[White "Bellon Lopez, Juan Manuel"]
[Black "Bordes Ibañez, Juan"]
[Result "1-0"]
[PlyCount "73"]
[EventDate "2011.10.08"]
[EventType "swiss"]
[EventRounds "8"]
[EventCountry "ESP"]
[Source "lmi"]
[SourceDate "2011.10.08"]
[WhiteElo "2420"]
[BlackElo "2045"]

1. d4 Nf6 2. Bg5 d5 3. Bxf6 gxf6 4. e3 Bg7 5. Bd3 c5 6. c3 Nc6 7. Nd2 Qb6 8.
Rb1 cxd4 9. exd4 e5 10. Ne2 Bg4 11. h3 Bh5 12. Qb3 Qxb3 13. Nxb3 Bg6 14. Rd1
O-O-O 15. O-O e4 16. Bb5 f5 17. f3 a6 18. Bxc6 bxc6 19. Nf4 Bh6 20. fxe4 fxe4
21. Nc5 e3 22. Rde1 Rhe8 23. Nxg6 fxg6 24. Rf6 e2 25. Kf2 Rf8 26. Rxf8 Bxf8 27.
Nxa6 Kb7 28. Nb4 Bxb4 29. cxb4 Kb6 30. Rxe2 Kb5 31. Rc2 Re8 32. Rc5+ Kb6 33. b5
cxb5 34. Rxd5 b4 35. Rd7 Ra8 36. a3 b3 37. Rxh7 1-0

[Event "España ch Veteranos 2011"]
[Site "Alcúdia ESP"]
[Date "2011.10.08"]
[Round "1.3"]
[White "Gonzalez Pabollet, Jesus Maria S"]
[Black "Montecatine Rios, Ricardo"]
[Result "0-1"]
[PlyCount "58"]
[EventDate "2011.10.08"]
[EventType "swiss"]
[EventRounds "8"]
[EventCountry "ESP"]
[Source "lmi"]
[SourceDate "2011.10.08"]
[WhiteElo "1927"]
[BlackElo "2361"]

1. e4 c5 2. Nf3 e6 3. d4 cxd4 4. Nxd4 Nc6 5. Nc3 a6 6. Be3 Nge7 7. Be2 Nxd4 8.
Qxd4 b5 9. O-O Nc6 10. Qd2 Be7 11. f4 O-O 12. Bf3 d6 13. Qf2 Rb8 14. Rad1 Qc7
15. g4 Bd7 16. g5 b4 17. Ne2 Kh8 18. h4 f6 19. Kg2 f5 20. Qg3 e5 21. g6 Rf6 22.
h5 h6 23. fxe5 Nxe5 24. Nf4 Be6 25. Nd5 Bxd5 26. Rxd5 Nxf3 27. Rxf5 Nh4+ 28.
Qxh4 Rxf5 29. Bg5 Rxg5+ 0-1

[Event "España ch Veteranos 2011"]
[Site "Alcúdia ESP"]
[Date "2011.10.08"]
[Round "1.4"]
[White "Pastor Alonso De Prado, Emilio Alberto"]
[Black "Rojas Gomez, Fernando"]
[Result "1-0"]
[PlyCount "65"]
[EventDate "2011.10.08"]
[EventType "swiss"]
[EventRounds "8"]
[EventCountry "ESP"]
[Source "lmi"]
[SourceDate "2011.10.08"]
[WhiteElo "2197"]
[BlackElo "1920"]

1. e4 c5 2. Nf3 d6 3. d4 cxd4 4. Nxd4 Nf6 5. Nc3 Nc6 6. Be3 e6 7. Be2 a6 8. O-O
Be7 9. f4 Qc7 10. Bf3 Bd7 11. Qe1 O-O 12. Qg3 Nxd4 13. Bxd4 Bc6 14. Rae1 Rfd8
15. Kh1 Ne8 16. Qf2 Rdc8 17. Bb6 Qb8 18. e5 g6 19. g4 Ng7 20. Bd4 Bxf3+ 21.
Qxf3 d5 22. f5 Bc5 23. Bxc5 Rxc5 24. fxg6 fxg6 25. Qf7+ Kh8 26. Rf3 Rc7 27. Qf4
Qe8 28. Ref1 Kg8 29. Qh6 Rd8 30. Rh3 Nf5 31. gxf5 exf5 32. Rxf5 d4 33. Ne4 1-0

[Event "España ch Veteranos 2011"]
[Site "Alcúdia ESP"]
[Date "2011.10.08"]
[Round "1.5"]
[White "Aguilo Pons, Francesc"]
[Black "Buxade Roca, Guillermo"]
[Result "1-0"]
[PlyCount "109"]
[EventDate "2011.10.08"]
[EventType "swiss"]
[EventRounds "8"]
[EventCountry "ESP"]
[Source "lmi"]
[SourceDate "2011.10.08"]
[WhiteElo "1896"]
[BlackElo "2181"]

1. e4 c5 2. Nf3 Nc6 3. d4 cxd4 4. Nxd4 Nf6 5. Nc3 e5 6. Ndb5 d6 7. Bg5 a6 8.
Na3 b5 9. Nd5 Be7 10. Bxf6 Bxf6 11. c3 Bg5 12. h4 Bxh4 13. Rxh4 Qxh4 14. Nc7+
Ke7 15. Nxa8 Qxe4+ 16. Qe2 Bf5 17. Qxe4 Bxe4 18. Nc7 Nb8 19. O-O-O b4 20. Nb1
a5 21. f3 Bb7 22. Nd5+ Ke6 23. Bc4 bxc3 24. Nbxc3 Rd8 25. Ne3+ Kf6 26. Ncd5+
Kg5 27. Ne7 g6 28. N3d5 f5 29. Kd2 Nc6 30. Nxc6 Bxc6 31. Ke3 h5 32. b3 Bb7 33.
Nc3 Kh4 34. Kf2 Kg5 35. Nb5 d5 36. Nc7 Rc8 37. Nxd5 a4 38. g3 axb3 39. axb3 Ra8
40. Rd2 f4 41. Re2 fxg3+ 42. Kxg3 Re8 43. Nc3 h4+ 44. Kg2 Rf8 45. Nd5 Rf5 46.
Re3 Kh6 47. Kh3 Rh5 48. Ne7 Kg7 49. Bd5 Ba6 50. Be4 Bf1+ 51. Kh2 Rg5 52. Re1
Kf6 53. Nd5+ Ke6 54. Ne3 Kd6 55. Nxf1 1-0

[Event "España ch Veteranos 2011"]
[Site "Alcúdia ESP"]
[Date "2011.10.08"]
[Round "1.6"]
[White "Serra Olives, Tomas"]
[Black "Zotes Flecha, Luis"]
[Result "1-0"]
[WhiteElo "2166"]
[BlackElo "1894"]
[PlyCount "107"]
[EventDate "2011.10.08"]
[EventType "swiss"]
[EventRounds "8"]
[EventCountry "ESP"]
[Source "lmi"]
[SourceDate "2011.10.08"]

1. e4 d6 2. d4 g6 3. Be3 Bg7 4. Qd2 Nf6 5. Nc3 c6 6. f3 b5 7. Bh6 O-O 8. Nge2
a5 9. g4 e5 10. Bxg7 Kxg7 11. Ng3 Qb6 12. Nce2 Rd8 13. h4 exd4 14. Nxd4 d5 15.
Ngf5+ Bxf5 16. Nxf5+ Kh8 17. Qh6 Rg8 18. h5 Ra7 19. O-O-O dxe4 20. Nh4 Rg7 21.
hxg6 exf3 22. gxh7 Nbd7 23. Nf5 Rg6 24. Qf4 Rxg4 25. Qd6 Qc7 26. Qe7 Ra8 27.
Nd6 Rf8 28. Bh3 Rg7 29. Bxd7 Nxd7 30. Kb1 Qd8 31. Qe4 Qf6 32. Ne8 Qe5 33. Qxe5
Nxe5 34. Nxg7 Kxg7 35. Rdg1+ Kh8 36. Rh2 f5 37. Rf2 Rf7 38. Rd1 Kxh7 39. Re1
Re7 40. Rxf3 Kg6 41. Rfe3 Kf6 42. Kc1 f4 43. Rh3 Kf5 44. Rh5+ Kf6 45. Rh6+ Kf5
46. Rh5+ Kf6 47. Re4 f3 48. Rf4+ Kg6 49. Rhf5 c5 50. b3 Re6 51. Rf8 Kg5 52. Kd2
Ng6 53. R8f5+ Kh6 54. Rxf3 1-0

[Event "España ch Veteranos 2011"]
[Site "Alcúdia ESP"]
[Date "2011.10.08"]
[Round "1.7"]
[White "Bello Filgueira, Joaquin Antonio"]
[Black "Estrada Martinez, Cesar"]
[Result "1/2-1/2"]
[PlyCount "73"]
[EventDate "2011.10.08"]
[EventType "swiss"]
[EventRounds "8"]
[EventCountry "ESP"]
[Source "lmi"]
[SourceDate "2011.10.08"]
[WhiteElo "1875"]
[BlackElo "2165"]

1. e4 c5 2. Nf3 g6 3. d4 cxd4 4. Nxd4 Nf6 5. Nc3 Nc6 6. Be3 Bg7 7. f3 O-O 8.
Qd2 d5 9. Nxc6 bxc6 10. exd5 cxd5 11. O-O-O Qc7 12. Bh6 Rb8 13. Bxg7 Kxg7 14.
b3 Rd8 15. Nb5 Qc5 16. a4 e5 17. Kb2 a6 18. Qc3 Qb6 19. a5 Qe6 20. Qc7 Bb7 21.
Na3 Rdc8 22. Qb6 Qxb6 23. axb6 Rc6 24. Re1 Re8 25. c4 Rxb6 26. c5 Rbe6 27. b4
e4 28. fxe4 Nxe4 29. Rg1 Rf6 30. Bd3 Rf2+ 31. Nc2 Rb8 32. Bxe4 dxe4 33. Kc3 Rc8
34. Ra1 Rd8 35. Nd4 Rd7 36. Rgd1 Rc7 37. Rd2 1/2-1/2

[Event "España ch Veteranos 2011"]
[Site "Alcúdia ESP"]
[Date "2011.10.08"]
[Round "1.8"]
[White "Anguera Maestro, Jaime"]
[Black "Gimenez Garcia, Emilio"]
[Result "1-0"]
[PlyCount "129"]
[EventDate "2011.10.08"]
[EventType "swiss"]
[EventRounds "8"]
[EventCountry "ESP"]
[Source "lmi"]
[SourceDate "2011.10.08"]
[WhiteElo "2150"]
[BlackElo "1870"]

1. d4 d5 2. Nf3 Nf6 3. e3 c6 4. Bd3 Bg4 5. Nbd2 Nbd7 6. h3 Bh5 7. O-O e5 8.
dxe5 Nxe5 9. Be2 Nxf3+ 10. Nxf3 Bd6 11. b3 Bxf3 12. Bxf3 O-O 13. Bb2 Re8 14.
Re1 Be5 15. c3 h6 16. Qc2 Qe7 17. g3 Qc7 18. Bg2 Ne4 19. c4 Bxb2 20. Qxb2 dxc4
21. bxc4 Rad8 22. Rad1 Nc5 23. Qc3 Rd7 24. Rd4 Rxd4 25. exd4 Rxe1+ 26. Qxe1 Ne6
27. d5 cxd5 28. cxd5 Nf8 29. Qe3 b6 30. Kh2 Qd6 31. Qe8 a5 32. a4 g6 33. f4 Kg7
34. Qc8 h5 35. Qc3+ Kg8 36. Qc4 Kg7 37. Bf3 Qc5 38. Qxc5 bxc5 39. Kg2 Kf6 40.
Be2 Ke7 41. Bb5 Kd6 42. Bc4 Nd7 43. Kf3 Nf6 44. f5 g5 45. Bb5 Kxd5 46. h4 gxh4
47. gxh4 c4 48. Kf4 c3 49. Bd3 Kd4 50. Bc2 Nh7 51. Kf3 f6 52. Ke2 Nf8 53. Bb3
Nd7 54. Bf7 Nc5 55. Bxh5 Ne4 56. Kd1 Nf2+ 57. Kc2 Nd3 58. Bd1 Ne1+ 59. Kc1 Nd3+
60. Kc2 Nb4+ 61. Kb3 c2 62. Bxc2 Nxc2 63. h5 Ke5 64. h6 Nd4+ 65. Kb2 1-0

[Event "España ch Veteranos 2011"]
[Site "Alcúdia ESP"]
[Date "2011.10.09"]
[Round "2.1"]
[White "Rodriguez, Daniel Mauricio"]
[Black "Serrano Marhuenda, Salvador"]
[Result "1-0"]
[PlyCount "71"]
[EventDate "2011.10.08"]
[EventType "swiss"]
[EventRounds "8"]
[EventCountry "ESP"]
[Source "lmi"]
[SourceDate "2011.10.08"]
[WhiteElo "2428"]
[BlackElo "2103"]

1. d4 Nf6 2. Nf3 c5 3. d5 d6 4. h3 g6 5. Nc3 Bg7 6. e4 O-O 7. Bg5 a6 8. a4 e6
9. Be2 exd5 10. exd5 Re8 11. O-O Nbd7 12. a5 Ne5 13. Nd2 h6 14. Bh4 g5 15. Bg3
Bf5 16. f4 gxf4 17. Rxf4 Bh7 18. Raa4 Rc8 19. Rf2 Ng6 20. Bd3 Rc7 21. Nc4 Bf8
22. Qf3 Kg7 23. Ra1 Be7 24. Raf1 Rf8 25. Nd1 Ne8 26. Nde3 Bg5 27. Nf5+ Kg8 28.
Qh5 Ng7 29. Nxg7 Kxg7 30. Nxd6 c4 31. Nf5+ Kg8 32. Be4 Re7 33. Nxe7+ Qxe7 34.
Re2 Qc5+ 35. Kh2 Kg7 36. Rf5 1-0

[Event "España ch Veteranos 2011"]
[Site "Alcúdia ESP"]
[Date "2011.10.09"]
[Round "2.2"]
[White "Hostalet Ferrer, Pedro Enrique"]
[Black "Bellon Lopez, Juan Manuel"]
[Result "1/2-1/2"]
[WhiteElo "2071"]
[BlackElo "2420"]
[PlyCount "205"]
[EventDate "2011.10.08"]
[EventType "swiss"]
[EventRounds "8"]
[EventCountry "ESP"]
[Source "lmi"]
[SourceDate "2011.10.08"]

1. d4 d5 2. c4 c6 3. Nf3 Nf6 4. Nc3 dxc4 5. a4 Bf5 6. e3 e6 7. Bxc4 Bb4 8. O-O
O-O 9. Qe2 Ne4 10. Na2 Ba5 11. Bd3 Bc7 12. Qc2 Nd6 13. Nc3 Na6 14. Bxf5 exf5
15. b4 Nxb4 16. Qb3 a5 17. Ba3 Ne4 18. Bxb4 axb4 19. Na2 Qd6 20. Qxb4 Ng5 21.
Qxd6 Nxf3+ 22. gxf3 Bxd6 23. Nc3 Bb4 24. Ne2 Ra7 25. Rfb1 Be7 26. d5 Bf6 27.
Ra3 cxd5 28. Rb5 d4 29. Rxf5 Rd8 30. Nxd4 Bxd4 31. exd4 Rxd4 32. Rb5 Kf8 33. a5
f6 34. Rb6 Rd7 35. a6 bxa6 36. Raxa6 Rac7 37. Rc6 Rd1+ 38. Kg2 Rcd7 39. Ra8+
Kf7 40. Rac8 Kg6 41. R8c7 Rd8 42. Rc4 h5 43. Rc1 R1d5 44. R1c5 Re5 45. Rxe5
fxe5 46. Re7 Kf6 47. Ra7 Rd1 48. h3 h4 49. Rb7 Rd8 50. Rb4 Rd4 51. Rb7 Rf4 52.
Ra7 Rf5 53. Ra4 Rf4 54. Ra7 g6 55. Rh7 Kg5 56. Rh8 Rf7 57. Re8 Rf5 58. Rh8 Rf4
59. Re8 Kf6 60. Rf8+ Ke6 61. Rg8 Kf7 62. Rh8 Kg7 63. Re8 Rf5 64. Ra8 Rg5+ 65.
Kf1 Rh5 66. Ra4 g5 67. Kg2 Rh8 68. Ra7+ Kf6 69. Ra6+ Kf5 70. Ra7 Rf8 71. Ra6
Rf6 72. Ra8 Rf7 73. Ra6 Rf8 74. Ra7 Ke6 75. Rg7 Rf5 76. Rg6+ Kd5 77. Ra6 Kc4
78. Ra4+ Kc5 79. Ra5+ Kb4 80. Ra8 Kb5 81. Rb8+ Kc4 82. Rc8+ Kd3 83. Rd8+ Ke2
84. Re8 Kd3 85. Rd8+ Kc4 86. Rc8+ Kd5 87. Rd8+ Ke6 88. Ra8 Rf6 89. Rg8 Kf5 90.
Ra8 Re6 91. Ra7 e4 92. fxe4+ Rxe4 93. Ra5+ Kf4 94. Rb5 Ra4 95. Rb8 Ra5 96. Rf8+
Rf5 97. Rxf5+ Kxf5 98. Kf3 g4+ 99. hxg4+ Kg5 100. Kg2 Kxg4 101. f3+ Kf4 102.
Kh3 Kxf3 103. Kxh4 1/2-1/2

[Event "España ch Veteranos 2011"]
[Site "Alcúdia ESP"]
[Date "2011.10.09"]
[Round "2.3"]
[White "Montecatine Rios, Ricardo"]
[Black "Lopez Colon, Francisco"]
[Result "0-1"]
[PlyCount "106"]
[EventDate "2011.10.08"]
[EventType "swiss"]
[EventRounds "8"]
[EventCountry "ESP"]
[Source "lmi"]
[SourceDate "2011.10.08"]
[WhiteElo "2361"]
[BlackElo "2061"]

1. d4 Nf6 2. c4 d6 3. Nc3 Nbd7 4. Nf3 c6 5. h3 e5 6. e4 Be7 7. Be3 O-O 8. Be2
Re8 9. O-O Bf8 10. Qc2 Qc7 11. Rfe1 g6 12. Rad1 Nh5 13. g4 Ng7 14. Nh2 Ne6 15.
d5 Nf4 16. Bf1 c5 17. Bg2 Qd8 18. Nf3 a6 19. Ne2 g5 20. Ng3 h6 21. Bf1 Qf6 22.
Nd2 Qg6 23. f3 Nf6 24. Nf5 h5 25. Bxf4 exf4 26. Bd3 Re5 27. Re2 Bd7 28. a3 Rae8
29. Rde1 Qh7 30. Kg2 Bxf5 31. exf5 Rxe2+ 32. Rxe2 Rxe2+ 33. Bxe2 hxg4 34. hxg4
Qh4 35. Ne4 Bg7 36. Nxd6 Qg3+ 37. Kf1 Nxg4 38. fxg4 Bd4 39. Bf3 Qxf3+ 40. Ke1
Qe3+ 41. Kd1 f3 42. Qe4 Qb3+ 43. Kd2 Qxb2+ 44. Kd1 Qa1+ 45. Kc2 Qc3+ 46. Kd1
Be5 47. Nc8 Qb3+ 48. Ke1 Bg3+ 49. Kd2 Qb2+ 50. Kd1 Qa1+ 51. Kd2 Bf4+ 52. Kc2
Qa2+ 53. Kc3 Bd2+ 0-1

[Event "España ch Veteranos 2011"]
[Site "Alcúdia ESP"]
[Date "2011.10.09"]
[Round "2.4"]
[White "Bombin Pinera, Dionisio"]
[Black "Pastor Alonso De Prado, Emilio Alberto"]
[Result "0-1"]
[PlyCount "38"]
[EventDate "2011.10.08"]
[EventType "swiss"]
[EventRounds "8"]
[EventCountry "ESP"]
[Source "lmi"]
[SourceDate "2011.10.08"]
[WhiteElo "2068"]
[BlackElo "2197"]

1. Nf3 d5 2. d4 Nf6 3. c4 e6 4. g3 Be7 5. Bg2 O-O 6. O-O c6 7. Qc2 b6 8. Rd1
Ba6 9. Nbd2 Nbd7 10. b3 Rc8 11. Bb2 c5 12. Rac1 b5 13. e4 bxc4 14. bxc4 dxc4
15. Qa4 Qb6 16. Ba3 Bb5 17. Qc2 Qa6 18. Qb2 Nb6 19. Ne5 c3 0-1

[Event "España ch Veteranos 2011"]
[Site "Alcúdia ESP"]
[Date "2011.10.09"]
[Round "2.5"]
[White "Garcia Caballero, Luis"]
[Black "Serra Olives, Tomas"]
[Result "0-1"]
[PlyCount "56"]
[EventDate "2011.10.08"]
[EventType "swiss"]
[EventRounds "8"]
[EventCountry "ESP"]
[Source "lmi"]
[SourceDate "2011.10.08"]
[WhiteElo "2053"]
[BlackElo "2166"]

1. e4 e5 2. Nf3 Nc6 3. Bb5 a6 4. Bxc6 dxc6 5. O-O f6 6. d4 exd4 7. Nxd4 Ne7 8.
Be3 Ng6 9. Qh5 Qe7 10. Nc3 Bd7 11. Nb3 b6 12. a4 a5 13. Qe2 Ne5 14. Rfd1 Qf7
15. Nd2 Bd6 16. h3 g5 17. f3 Be6 18. b3 h5 19. Nf1 Qe7 20. Kf2 Ng6 21. Na2 g4
22. hxg4 hxg4 23. Rd2 gxf3 24. gxf3 Nf4 25. Bxf4 Bxf4 26. Rd3 Rh1 27. Re1 Qg7
28. Qd1 Qg1+ 0-1

[Event "España ch Veteranos 2011"]
[Site "Alcúdia ESP"]
[Date "2011.10.09"]
[Round "2.6"]
[White "Oneto Zarco, Jose"]
[Black "Anguera Maestro, Jaime"]
[Result "1/2-1/2"]
[PlyCount "57"]
[EventDate "2011.10.08"]
[EventType "swiss"]
[EventRounds "8"]
[EventCountry "ESP"]
[Source "lmi"]
[SourceDate "2011.10.08"]
[WhiteElo "2036"]
[BlackElo "2150"]

1. e4 b6 2. d4 Bb7 3. Nc3 e6 4. Nf3 Nf6 5. Bd3 Bb4 6. Qe2 d5 7. e5 Ne4 8. Bd2
Nxd2 9. Qxd2 c5 10. a3 Bxc3 11. bxc3 c4 12. Be2 Nd7 13. O-O Qe7 14. a4 Bc6 15.
Ne1 O-O-O 16. f4 g6 17. Nf3 Kb7 18. Rfb1 a6 19. Qc1 Rb8 20. Rb4 Ka7 21. Qb1 h6
22. Nd2 g5 23. Bf3 Ba8 24. fxg5 hxg5 25. h3 f6 26. exf6 Nxf6 27. Qe1 Qd6 28.
Qe5 Nd7 29. Re1 1/2-1/2

[Event "España ch Veteranos 2011"]
[Site "Alcúdia ESP"]
[Date "2011.10.09"]
[Round "2.7"]
[White "Monedero Gonzalez, Josep"]
[Black "Sanz Bastos, Fernando"]
[Result "1/2-1/2"]
[PlyCount "25"]
[EventDate "2011.10.08"]
[EventType "swiss"]
[EventRounds "8"]
[EventCountry "ESP"]
[Source "lmi"]
[SourceDate "2011.10.08"]
[WhiteElo "2135"]
[BlackElo "2052"]

1. e4 e5 2. Nf3 Nc6 3. Bb5 a6 4. Bxc6 dxc6 5. O-O f6 6. d4 Bg4 7. dxe5 Qxd1 8.
Rxd1 fxe5 9. Rd3 Bd6 10. Nbd2 Nf6 11. Nc4 O-O 12. Nfxe5 Be2 13. Re3 1/2-1/2

[Event "España ch Veteranos 2011"]
[Site "Alcúdia ESP"]
[Date "2011.10.10"]
[Round "3.1"]
[White "Serra Olives, Tomas"]
[Black "Rodriguez, Daniel Mauricio"]
[Result "1/2-1/2"]
[PlyCount "61"]
[EventDate "2011.10.08"]
[EventType "swiss"]
[EventRounds "8"]
[EventCountry "ESP"]
[Source "lmi"]
[SourceDate "2011.10.08"]
[WhiteElo "2166"]
[BlackElo "2428"]

1. e4 d5 2. exd5 Qxd5 3. Nc3 Qd6 4. Nf3 c6 5. Bc4 Nf6 6. d4 Bf5 7. Ne5 e6 8. g4
Bg6 9. Bf4 Qb4 10. Nxg6 hxg6 11. Qd3 Nbd7 12. O-O-O Nb6 13. Bb3 O-O-O 14. a3
Qa5 15. f3 Nbd5 16. Nxd5 Nxd5 17. Bd2 Qc7 18. c4 Nf6 19. g5 Nh5 20. Qe4 Bd6 21.
Qe2 Bf4 22. Be3 Rd7 23. Kb1 Rhd8 24. d5 exd5 25. cxd5 Re7 26. Bxf4 Nxf4 27. Qf2
Re2 28. Qxa7 Qe5 29. Qa8+ Kc7 30. Qa5+ Kc8 31. Qa8+ 1/2-1/2

[Event "España ch Veteranos 2011"]
[Site "Alcúdia ESP"]
[Date "2011.10.10"]
[Round "3.2"]
[White "Pastor Alonso De Prado, Emilio Alberto"]
[Black "Aguilo Pons, Francesc"]
[Result "1-0"]
[PlyCount "43"]
[EventDate "2011.10.08"]
[EventType "swiss"]
[EventRounds "8"]
[EventCountry "ESP"]
[Source "lmi"]
[SourceDate "2011.10.08"]
[WhiteElo "2197"]
[BlackElo "1896"]

1. e4 c5 2. Nf3 d6 3. c3 Nc6 4. d4 cxd4 5. cxd4 Bg4 6. d5 Bxf3 7. Qxf3 Ne5 8.
Bb5+ Nd7 9. Nc3 a6 10. Bxd7+ Qxd7 11. O-O g6 12. Re1 Bg7 13. Bf4 Bxc3 14. Qxc3
f6 15. Rac1 h5 16. Be3 Nh6 17. Qa5 Rc8 18. Rxc8+ Qxc8 19. Rc1 Qb8 20. Qa4+ b5
21. Qxa6 Kf7 22. Bxh6 1-0

[Event "España ch Veteranos 2011"]
[Site "Alcúdia ESP"]
[Date "2011.10.10"]
[Round "3.3"]
[White "Lopez Colon, Francisco"]
[Black "Monedero Gonzalez, Josep"]
[Result "1-0"]
[PlyCount "23"]
[EventDate "2011.10.08"]
[EventType "swiss"]
[EventRounds "8"]
[EventCountry "ESP"]
[Source "lmi"]
[SourceDate "2011.10.08"]
[WhiteElo "2061"]
[BlackElo "2135"]

1. d4 e6 2. c4 Nf6 3. Nc3 d5 4. Bg5 Be7 5. e3 Nbd7 6. Nf3 c6 7. Qc2 Ne4 8. Bxe7
Qxe7 9. Nd2 f5 10. c5 O-O 11. Nc4 Ndf6 12. Be2 1-0

[Event "España ch Veteranos 2011"]
[Site "Alcúdia ESP"]
[Date "2011.10.10"]
[Round "3.5"]
[White "Anguera Maestro, Jaime"]
[Black "Hostalet Ferrer, Pedro Enrique"]
[Result "0-1"]
[PlyCount "130"]
[EventDate "2011.10.08"]
[EventType "swiss"]
[EventRounds "8"]
[EventCountry "ESP"]
[Source "lmi"]
[SourceDate "2011.10.08"]
[WhiteElo "2150"]
[BlackElo "2071"]

1. d4 Nf6 2. Nf3 e6 3. e3 d5 4. Bd3 c5 5. c3 Nc6 6. Ne5 Bd6 7. f4 Qb6 8. Nd2
O-O 9. O-O cxd4 10. cxd4 Bd7 11. Kh1 Rac8 12. a3 Ne7 13. Nxd7 Nxd7 14. Nf3 f5
15. Qa4 Nf6 16. Ng5 Bb8 17. Bd2 a6 18. Qb4 Qxb4 19. Bxb4 Rfe8 20. Nxe6 Nc6 21.
Bxf5 Nxb4 22. axb4 g6 23. Bh3 Rc2 24. Rab1 Rc4 25. Rfc1 Rxb4 26. Kg1 Ne4 27.
Rc2 Kf7 28. Nc5 Nd6 29. Nd3 Rb3 30. Ne5+ Kg7 31. Rc3 Rb4 32. g3 Ne4 33. Rd3 Nf6
34. Kf1 h5 35. Ke2 h4 36. g4 g5 37. Kf3 Ba7 38. Rc3 Ne4 39. Rc7+ Kg8 40. f5 Bb8
41. Rc2 Bxe5 42. dxe5 Rxe5 43. Rc8+ Kf7 44. Rc2 Rb3 45. Rd1 Nd6 46. Kf2 Nc4 47.
Rxd5 Rxd5 48. Rxc4 Rxb2+ 49. Kf3 Rdd2 50. Ke4 Kf6 51. Bf1 a5 52. Rc8 Rb4+ 53.
Kf3 Rxh2 54. Bc4 Rc2 55. Rf8+ Ke7 56. Rf7+ Ke8 57. Be6 Rc6 58. Rg7 Rxe6 59.
fxe6 Rb5 60. Rh7 a4 61. Rh8+ Ke7 62. Ra8 Rb4 63. Ra5 b5 64. Ra6 h3 65. Kg3 Rb3
0-1

[Event "España ch Veteranos 2011"]
[Site "Alcúdia ESP"]
[Date "2011.10.10"]
[Round "3.6"]
[White "Sanz Bastos, Fernando"]
[Black "Tejero Royo, Fermin"]
[Result "1/2-1/2"]
[PlyCount "27"]
[EventDate "2011.10.08"]
[EventType "swiss"]
[EventRounds "8"]
[EventCountry "ESP"]
[Source "lmi"]
[SourceDate "2011.10.08"]
[WhiteElo "2052"]
[BlackElo "2100"]

1. e4 e5 2. Nf3 Nc6 3. Bb5 a6 4. Ba4 d6 5. c3 Nf6 6. Qe2 Bd7 7. O-O g6 8. d4 b5
9. Bb3 Bg7 10. dxe5 Nxe5 11. Nxe5 dxe5 12. Bg5 Qe7 13. Nd2 h6 14. Nb1 1/2-1/2

[Event "España ch Veteranos 2011"]
[Site "Alcúdia ESP"]
[Date "2011.10.10"]
[Round "3.7"]
[White "Munar Mut, Antonio"]
[Black "Montecatine Rios, Ricardo"]
[Result "0-1"]
[PlyCount "72"]
[EventDate "2011.10.08"]
[EventType "swiss"]
[EventRounds "8"]
[EventCountry "ESP"]
[Source "lmi"]
[SourceDate "2011.10.08"]
[WhiteElo "2022"]
[BlackElo "2361"]

1. e4 c6 2. Nf3 d5 3. Nc3 Bg4 4. Be2 Bxf3 5. Bxf3 d4 6. Ne2 e5 7. d3 c5 8. c3
Nc6 9. cxd4 cxd4 10. O-O Nf6 11. Ng3 g6 12. Bd2 Be7 13. Bh6 Bf8 14. Bd2 Bg7 15.
b4 O-O 16. b5 Nb8 17. Qc1 Nbd7 18. Bh6 Rc8 19. Qd2 Nc5 20. Bxg7 Kxg7 21. h4 Ne6
22. h5 h6 23. hxg6 fxg6 24. Ne2 Ng5 25. Ng3 Nxf3+ 26. gxf3 Nh7 27. Kg2 Ng5 28.
Rh1 Qf6 29. f4 exf4 30. e5 Qxe5 31. Rhe1 Qd5+ 32. Ne4 Nxe4 33. dxe4 f3+ 34. Kg1
Qd7 35. Kh2 Qg4 36. Qxd4+ Rf6 0-1

[Event "España ch Veteranos 2011"]
[Site "Alcúdia ESP"]
[Date "2011.10.10"]
[Round "3.8"]
[White "Gonzalez Pabollet, Jesus Maria S"]
[Black "Buxade Roca, Guillermo"]
[Result "0-1"]
[PlyCount "94"]
[EventDate "2011.10.08"]
[EventType "swiss"]
[EventRounds "8"]
[EventCountry "ESP"]
[Source "lmi"]
[SourceDate "2011.10.08"]
[WhiteElo "1927"]
[BlackElo "2181"]

1. e4 c5 2. Nf3 d6 3. d4 cxd4 4. Nxd4 Nf6 5. Nc3 a6 6. Bg5 e5 7. Nf3 Be6 8. Qd2
Nbd7 9. Be2 h6 10. Bxf6 Nxf6 11. O-O Be7 12. Rad1 Rc8 13. Ne1 O-O 14. Nd3 Qb6
15. Bf3 Rfd8 16. Rfe1 a5 17. Qe3 Qc6 18. Nb1 Bxa2 19. Na3 Be6 20. Qa7 Ra8 21.
Qe3 b5 22. c3 Nd7 23. g3 Nc5 24. Bg2 Rab8 25. Kh1 b4 26. cxb4 axb4 27. Nb1 Nb3
28. f4 Bg4 29. Nxe5 dxe5 30. Rxd8+ Rxd8 31. Qxb3 Qc5 32. fxe5 Qxe5 33. Rf1 Be6
34. Qc2 Qd4 35. Bf3 Rc8 36. Qg2 Bf6 37. b3 Bxb3 38. Qh3 Be6 39. g4 Qe3 40. Qg3
Rc1 41. Qg2 Be5 42. Nd2 Rc2 43. Rd1 b3 44. Qe2 Qf4 45. Kg1 b2 46. Qd3 Qxh2+ 47.
Kf1 Bc4 0-1

[Event "España ch Veteranos 2011"]
[Site "Alcúdia ESP"]
[Date "2011.10.11"]
[Round "4.1"]
[White "Lopez Colon, Francisco"]
[Black "Pastor Alonso De Prado, Emilio Alberto"]
[Result "1/2-1/2"]
[PlyCount "44"]
[EventDate "2011.10.08"]
[EventType "swiss"]
[EventRounds "8"]
[EventCountry "ESP"]
[Source "lmi"]
[SourceDate "2011.10.08"]
[WhiteElo "2061"]
[BlackElo "2197"]

1. d4 d5 2. c4 e6 3. Nc3 Nf6 4. Bg5 Be7 5. e3 O-O 6. Nf3 h6 7. Bh4 Ne4 8. Bxe7
Qxe7 9. Qc2 Nxc3 10. Qxc3 b6 11. cxd5 exd5 12. Rc1 c6 13. Bd3 Bb7 14. O-O Nd7
15. Bf5 Nf6 16. Ne5 c5 17. dxc5 bxc5 18. Nd3 Ne4 19. Bxe4 d4 20. Bh7+ Kxh7 21.
Qc2 Kg8 22. Nxc5 dxe3 1/2-1/2

[Event "España ch Veteranos 2011"]
[Site "Alcúdia ESP"]
[Date "2011.10.11"]
[Round "4.2"]
[White "Rodriguez, Daniel Mauricio"]
[Black "Hostalet Ferrer, Pedro Enrique"]
[Result "1/2-1/2"]
[PlyCount "78"]
[EventDate "2011.10.08"]
[EventType "swiss"]
[EventRounds "8"]
[EventCountry "ESP"]
[Source "lmi"]
[SourceDate "2011.10.08"]
[WhiteElo "2428"]
[BlackElo "2071"]

1. e4 c6 2. c4 d5 3. cxd5 cxd5 4. exd5 Nf6 5. Bb5+ Bd7 6. Bc4 b5 7. Bb3 Bc8 8.
a4 Nxd5 9. Nc3 Bb7 10. Qf3 e6 11. axb5 Be7 12. Nge2 O-O 13. Nf4 Nxf4 14. Qxf4
Bxg2 15. Rg1 Bb7 16. d4 Bf6 17. Be3 Nd7 18. Ne4 Bxe4 19. Qxe4 g6 20. Ra6 Qe7
21. Ke2 Qb4 22. Qd3 Rab8 23. Bc4 Qxb2+ 24. Kf3 Qb4 25. Rb1 Qe7 26. Rxa7 Qd6 27.
Qe4 Nb6 28. Bf1 Nd5 29. Rc1 Qxh2 30. Bd3 Rbc8 31. Rxc8 Rxc8 32. Qg4 Qh1+ 33.
Qg2 Qh5+ 34. Qg4 Qh1+ 35. Qg2 Qh5+ 36. Qg4 Qh1+ 37. Ke2 Nc3+ 38. Kd2 Nxb5 39.
Bxb5 Qc1+ 1/2-1/2